| 000 | 00000nam 2200000za 4500 |
| 001 | 9.835884 |
| 003 | CaOODSP |
| 005 | 20250611103803 |
| 007 | cr ||||||||||| |
| 008 | 170825s2017 onca o f000 0 fre d |
| 020 | |a978-0-660-08431-2 |
| 040 | |aCaOODSP|bfre |
| 041 | |aeng |
| 041 | |afre |
| 043 | |an-cn--- |
| 086 | 1 |aA72-138/2017-PDF |
| 245 | 00|aDairy Farm Investment Program |h[ressource électronique] : |binvesting in the future of Canadian dairy farmers = Programme d'investissement pour fermes laitières : investissement dans l'avenir des producteurs laitiers du Canada. |
| 246 | 31|aProgramme d'investissement pour fermes laitières : |binvestissement dans l'avenir des producteurs laitiers du Canada |
| 260 | |a[Ottawa] : |bAgriculture et agroalimentaire Canada, |cc2017. |
| 300 | |a[2] p. (pages non numérotées) : |bill. en coul. |
| 500 | |aTitres de départ. |
| 520 | |a« Qu’est-ce que le Programme d'investissement pour fermes laitières? Il s’agit d’un programme d’aide financière pour les producteurs de lait de vache. Le programme vise à favoriser la productivité et la compétitivité des producteurs de lait et à aider l’industrie à s’adapter aux répercussions prévues de l’Accord économique et commercial global (AECG) entre le Canada et l’Union européenne »--p. [2]. |
| 546 | |aTexte en anglais et en français sur les pages suppléants. |
| 692 | 07|2gccst|aIndustrie laitière |
| 692 | 07|2gccst|aFinancement |
| 692 | 07|2gccst|aProgramme fédéral |
| 710 | 1 |aCanada. |bAgriculture et agroalimentaire Canada. |
| 791 | |tDairy Farm Investment Program |eeng|w(CaOODSP)9.835882 |
| 794 | |tDairy Farm Investment Program |w(CaOODSP)9.861773 |
| 856 | 40|qPDF|s299 Ko|uhttps://publications.gc.ca/collections/collection_2017/aac-aafc/A72-138-2017.pdf |
| 986 | |a12620B |